[Event "Buenos Aires Clarin op"]
[Site "Buenos Aires"]
[Date "1995.??.??"]
[Round "7"]
[White "Quinteros, Miguel A"]
[Black "Campora, Daniel H"]
[Result "0-1"]
[WhiteElo "2505"]
[BlackElo "2525"]

1.d4 d5 2.c4 e6 3.Nf3 Nf6 4.g3 Be7 5.Bg2 O-O 6.O-O c6 7.Nc3 b6 8.Ne5 Bb7
9.e4 Na6 10.Qa4 Qe8 11.Be3 dxc4 12.Qxc4 c5 13.d5 Nc7 14.Rfd1 b5 15.Qb3 Rd8
16.dxe6 Rxd1+ 17.Rxd1 fxe6 18.a4 a6 19.axb5 axb5 20.Ra1 Ba8 21.Ra7 c4 22.Qa2 Bd6
23.f4 b4 24.Nxc4 bxc3 25.Nxd6 Qc6 26.Nc4 Ng4 27.bxc3 Nb5 28.Ra6 Qc8 29.Bd4 Nxc3
30.Rxa8 Nxa2 31.Rxc8 Rxc8 32.Bf1 Nb4 33.h3 Nf6 34.e5 Nfd5 35.Kf2 Nc2 36.Bb2 Rb8
37.Bd3 Nce3 38.Bd4 Nxc4 39.Bxc4 Rb4 40.Bxd5 exd5 41.Ke3 Rb3+ 42.Kf2 g6 43.Kg2 Kf7  0-1

[Event "Bytom op"]
[Site "Bytom"]
[Date "1995.??.??"]
[Round "?"]
[White "Goj, Artur"]
[Black "Struk, Jerzy"]
[Result "1-0"]
[WhiteElo "2340"]
[BlackElo "2125"]

1.Nf3 d5 2.d4 Nf6 3.c4 e6 4.g3 Be7 5.Bg2 O-O 6.O-O dxc4 7.Qc2 a6 8.a4 Bd7
9.Rd1 Bc6 10.Nc3 Nd5 11.e4 Nb4 12.Qe2 Nd3 13.d5 exd5 14.exd5 Bd7 15.Ne5 Nxe5
16.Qxe5 Bg4 17.Re1 Bd6 18.Qd4 Bf5 19.Ne4 Re8 20.Bd2 Bxe4 21.Bxe4 Nd7 22.Qxc4 Nf6
23.Bf3 Qd7 24.a5 Qf5 25.Kg2 h5 26.h3 Rad8 27.Bc3 Nd7 28.Re4 Rxe4 29.Bxe4 Qg5
30.h4 Qh6 31.Re1 Nf6 32.Bf5 Re8 33.Rxe8+ Nxe8 34.Qb3 Bf8 35.Bc8 Nd6 36.Bxb7 Nxb7
37.Qxb7 Qg6 38.Qa8 Qe4+ 39.Kh2 Qe2 40.Bd4 Qb5 41.Qd8 Qb4 42.Be3 Qb5 43.b4 Qxb4
44.Qxc7 g6 45.Qc8 Kg7 46.Qxa6 Bc5 47.Bxc5 Qxc5 48.Qb6 Qxd5 49.a6 g5 50.hxg5 Qxg5
51.Qd4+ Kh7 52.a7 Qa5 53.Qe4+  1-0

[Event "Cannes Martinez op"]
[Site "Cannes"]
[Date "1995.??.??"]
[Round "5"]
[White "Urday, Henry"]
[Black "Ivkov, Borislav"]
[Result "1/2-1/2"]
[WhiteElo "2435"]
[BlackElo "2485"]

1.d4 d5 2.Nf3 e6 3.c4 Nf6 4.g3 Be7 5.Bg2 O-O 6.O-O c6 7.Qc2 Ne4 8.Ne5 f5
9.f3 Nd6 10.b3 Nd7 11.Nd3 Bf6 12.Bb2 Re8 13.Rd1 Qe7 14.Nd2 dxc4 15.Nxc4 Nxc4
16.Qxc4 Kh8 17.f4 Nb6 18.Qc1 Nd5  1/2-1/2

[Event "Cappelle op"]
[Site "Cappelle la Grande"]
[Date "1995.??.??"]
[Round "4"]
[White "Primel, Dominique"]
[Black "Upton, Timothy J"]
[Result "0-1"]
[WhiteElo "2035"]
[BlackElo "2285"]

1.Nf3 d5 2.d4 Nf6 3.c4 e6 4.g3 Be7 5.Bg2 O-O 6.O-O dxc4 7.Qc2 a6 8.Qxc4 b5
9.Qc2 Bb7 10.Bf4 Nd5 11.Nc3 Nxf4 12.gxf4 Nc6 13.Rfd1 Nb4 14.Qd2 c5 15.a3 Nd5
16.dxc5 Bxc5 17.Rac1 Qe7 18.Ne4 Bb6 19.Ne5 Rad8 20.Nd3 Qh4 21.Nec5 Bxc5 22.Rxc5 f5
23.e3 Nxf4 24.exf4 Qg4 25.f3 Bxf3 26.h3 Qg3 27.Rc3 Bxd1 28.Qxd1 Qxf4 29.Qe2 Qd4+
30.Kh1 Rfe8 31.Ne5 Qd1+ 32.Qxd1 Rxd1+ 33.Kh2 Rd2 34.Kg3 g5 35.Bb7 h5 36.Bxa6 Rxb2
37.Nd7 h4+ 38.Kf3 Rd8 39.Ne5 Rh2 40.Rc7 Rxh3+ 41.Ke2 Rh2+ 42.Ke3 Rh3+ 43.Ke2 Rxa3
44.Bc8 Rxc8 45.Rxc8+ Kg7 46.Nf3 h3 47.Nxg5 h2 48.Rc1 e5 49.Kf2 e4 50.Kg2 Kf6
51.Nh3 Ra2+ 52.Kg3 b4 53.Nf4 b3  0-1

[Event "Cappelle op"]
[Site "Cappelle la Grande"]
[Date "1995.??.??"]
[Round "9"]
[White "Sideif Sade, Fikret I"]
[Black "Fontaine, Robert"]
[Result "1-0"]
[WhiteElo "2415"]
[BlackElo "2200"]

1.d4 d5 2.c4 e6 3.Nf3 Nf6 4.g3 Be7 5.Bg2 O-O 6.Qc2 Nbd7 7.O-O Ne4 8.b3 c6
9.Bb2 b6 10.Nbd2 Nxd2 11.Nxd2 Bb7 12.e4 dxe4 13.Nxe4 Nf6 14.Rad1 Qc7 15.Rfe1 Rfd8
16.h4 h6 17.c5 Nxe4 18.Rxe4 bxc5 19.dxc5 Rxd1+ 20.Qxd1 Bxc5 21.Rg4 e5 22.Qc1 Qd6
23.Rc4 Bd4 24.Bxd4 exd4 25.Bxc6 Bxc6 26.Rxc6 Qd5 27.Qc4 Qe4 28.Rc7 Qe1+ 29.Kg2 Qe4+
30.Kh2 Qf3 31.Qxd4 Re8 32.Qf4 Qd5 33.Rc1 Re2 34.Qb8+ Kh7 35.Qxa7 Qd2 36.Rf1 Qxa2
37.Qxf7 Rb2 38.Qf5+ Kh8 39.Qc8+ Kh7 40.Qf5+ Kh8 41.b4 Kg8 42.b5 Qf7 43.Qc8+ Kh7
44.Qc5 Qd7 45.Rb1 Rxb1 46.Qc2+ g6 47.Qxb1 Qb7 48.h5  1-0

[Event "Celle Ligure op"]
[Site "Celle Ligure"]
[Date "1995.??.??"]
[Round "?"]
[White "Zlochevskij, Alexander"]
[Black "Naumkin, Igor"]
[Result "1-0"]
[WhiteElo "2485"]
[BlackElo "2500"]

1.d4 Nf6 2.c4 e6 3.g3 d5 4.Bg2 Be7 5.Nf3 O-O 6.Qc2 c5 7.O-O cxd4 8.Nxd4 Nc6
9.Nxc6 bxc6 10.b3 a5 11.Nc3 Nd7 12.Rd1 Bf6 13.Ba3 Re8 14.Rac1 h6 15.cxd5 exd5
16.e4 Ne5 17.exd5 Bg4 18.dxc6 Bxd1 19.Rxd1 Qc8 20.Nd5 Ra6 21.Rc1 Kh8 22.Nxf6 gxf6
23.c7 Rae6 24.Bd5  1-0

[Event "DEN-ch qual"]
[Site "Copenhagen"]
[Date "1995.??.??"]
[Round "2"]
[White "Thuesen, Mogens"]
[Black "Olesen, Martin"]
[Result "1/2-1/2"]
[WhiteElo "2250"]
[BlackElo "2340"]

1.d4 d5 2.c4 e6 3.Nf3 Nf6 4.g3 Be7 5.Bg2 O-O 6.O-O dxc4 7.Na3 c6 8.Nxc4 b5
9.Nce5 Bb7 10.Qc2 Qb6 11.Bg5 h6 12.Bxf6 Bxf6 13.Rfd1 Rd8 14.Rac1 Na6 15.a3 Rac8
16.b4 Bxe5 17.Nxe5 Rxd4 18.e3 Rxd1+ 19.Rxd1 Nb8 20.Qd3 Qc7 21.f4 c5  1/2-1/2

[Event "Copenhagen BSF-B"]
[Site "Copenhagen"]
[Date "1995.??.??"]
[Round "4"]
[White "Adamski, Jan"]
[Black "Petersen, Steen"]
[Result "1-0"]
[WhiteElo "2390"]
[BlackElo "2190"]

1.Nf3 d5 2.c4 e6 3.g3 Nf6 4.Bg2 Be7 5.d4 O-O 6.Qc2 c6 7.O-O b6 8.Rd1 Bb7
9.Nc3 Nbd7 10.b3 Rc8 11.e4 dxe4 12.Nxe4 c5 13.Nxf6+ Bxf6 14.Ng5 Bxg5 15.Bxb7 Rc7
16.dxc5 Bf6 17.Rb1 Rxb7 18.c6 Rc7 19.cxd7 Rxd7 20.Ba3 Re8 21.Rxd7 Qxd7 22.Rd1 Qc7
23.Bb2 Be7 24.Qc3 Bf6 25.Qc2 Be7 26.Qe4 Rd8 27.Rxd8+ Bxd8 28.b4 Qd7 29.b5 f6
30.Ba3 Be7 31.Bxe7 Qxe7 32.a4 f5 33.Qc6 Kf7 34.c5 bxc5 35.a5 Qd8 36.b6 axb6
37.a6 e5 38.a7 e4 39.Qa4 Qa8 40.Qd7+ Kg8 41.Qe6+ Kf8 42.Qxf5+ Ke7 43.Qe5+ Kd7
44.Qb8 Qd5 45.Qf8 e3 46.a8=Q exf2+ 47.Kxf2  1-0

[Event "Copenhagen op17"]
[Site "Copenhagen"]
[Date "1995.??.??"]
[Round "7"]
[White "Nielsen, Peter Heine"]
[Black "Hansen, Sune Berg"]
[Result "1/2-1/2"]
[WhiteElo "2500"]
[BlackElo "2460"]

1.d4 Nf6 2.Nf3 d5 3.c4 e6 4.g3 Be7 5.Bg2 O-O 6.O-O dxc4 7.Qc2 a6 8.Qxc4 b5
9.Qc2 Bb7 10.Bf4 Nd5 11.Nc3 Nxf4 12.gxf4 Nd7 13.Rfd1 Qc8 14.Ne4 f5 15.Ned2 Bd6
16.Ne5 Bxg2 17.Kxg2 Qb7+ 18.Ndf3 Nf6 19.e3 g5 20.fxg5 Bxe5 21.dxe5 Ne4 22.Rd7 Nxg5
23.e4 Nxf3 24.Kxf3 Rad8 25.Rg1+  1/2-1/2

[Event "ESP-chT"]
[Site "Cordoba"]
[Date "1995.??.??"]
[Round "8"]
[White "Rodriguez Vargas, Orestes"]
[Black "Gil Capape, Javier"]
[Result "1-0"]
[WhiteElo "2445"]
[BlackElo "2425"]

1.d4 Nf6 2.c4 e6 3.Nf3 d5 4.g3 Be7 5.Bg2 O-O 6.O-O dxc4 7.Qa4 a6 8.Qxc4 b5
9.Qc2 Bb7 10.Bf4 Nc6 11.Rd1 Nb4 12.Qc1 Qc8 13.Be5 Nd7 14.a3 Nd5 15.e4 N5f6
16.Bxf6 Nxf6 17.e5 Nd5 18.Nbd2 c5 19.dxc5 Qxc5 20.Qxc5 Bxc5 21.Rac1 Rac8
22.Ne4 Be7 23.Nd4 b4 24.a4 Nb6 25.Rxc8 Rxc8 26.Nd6 Bxd6 27.Bxb7 Rc7 28.exd6 Rxb7
29.Rc1 g6 30.a5 Nd5 31.Rc6 Ra7 32.Nb3 Kg7 33.Nc5 Kf6 34.Rc8  1-0

[Event "Crailsheim op 1st"]
[Site "Crailsheim"]
[Date "1995.??.??"]
[Round "?"]
[White "Haba, Petr"]
[Black "Schaefer, Michael"]
[Result "1-0"]
[WhiteElo "2440"]
[BlackElo "2205"]

1.d4 d5 2.c4 e6 3.Nf3 Nf6 4.g3 Be7 5.Bg2 O-O 6.O-O c6 7.Qc2 b5 8.c5 a5 9.Bg5 Nbd7
10.Nbd2 Re8 11.Rfe1 Nf8 12.Rad1 h6 13.Bxf6 Bxf6 14.e4 Bb7 15.e5 Be7 16.h4 Nd7
17.Bh3 Nf8 18.Nf1 Qc7 19.Ne3 Rad8 20.Ng2 Ra8 21.Nf4 Ba6 22.a3 Reb8 23.b3 b4
24.a4 Re8 25.Qd2 Bc8 26.Re2 Qa7 27.Nh2 Qc7 28.Ng4 Nh7 29.Nh5 Qd8 30.Qf4 Ra7
31.Rde1 Ba6 32.Re3 Bf8 33.Kh2 Kh8 34.Qf3 Rc7 35.Qd1 Ra7 36.Rf3 Rc7 37.Qd2 Ra7
38.Ree3 Rc7 39.Rf4 Ra7 40.Ref3 Ree7 41.Qc2 Rec7 42.Kg1 Rab7 43.Rf6 Re7 44.Rxh6 g6
45.Rxh7+ Kxh7 46.Nhf6+ Kh8 47.h5 Bg7 48.Rf4 Qf8 49.hxg6  1-0

[Event "CZE-chT 9495"]
[Site "?"]
[Date "1995.??.??"]
[Round "1"]
[White "Beil, Zdenek"]
[Black "Chmiel, Pavel"]
[Result "0-1"]
[WhiteElo "2320"]
[BlackElo "2280"]

1.d4 d5 2.Nf3 Nf6 3.c4 e6 4.g3 Be7 5.Bg2 O-O 6.O-O Nbd7 7.Nc3 dxc4 8.e4 c5
9.d5 exd5 10.exd5 Nb6 11.Ne5 Bd6 12.f4 Re8 13.a4 Bxe5 14.fxe5 Bg4 15.Bf3 Bxf3
16.Qxf3 Rxe5 17.Bf4 Rxd5 18.Nxd5 Qxd5 19.a5 Qxf3 20.Rxf3 Nbd5 21.Rc1 b5 22.axb6 axb6
23.Rxc4 Re8 24.Rf1 h6 25.Bd2 Ne4 26.Re1 f5 27.Ra4 Re7 28.Re2 Rd7 29.Be1 h5
30.Ra1 Kf7 31.Rd1 Ke6 32.Ra1 g5 33.Ra8 g4 34.Rh8 Nf6 35.Bc3 Rd1+ 36.Re1 Rxe1+
37.Bxe1 Ng5 38.Bc3 Nf3+ 39.Kg2 Nd5 40.Rh6+ Kf7 41.Rxh5 Kg6 42.Rh8 Nxc3 43.bxc3 Nd2
44.Rb8 Nc4 45.Kf2 Kf6 46.Ke2 Ke5 47.Kd3 Nb2+ 48.Kc2 Nc4 49.Kb3 Nd2+ 50.Ka4 Ne4
51.Kb5 Nxc3+ 52.Kc4 Nd5 53.Re8+ Kd6 54.Re1 Nc7 55.Rd1+ Kc6 56.Rf1 Ne8 57.Kd3 Nd6
58.Ke3 b5 59.Kf4 b4 60.Rb1 Kb5 61.Ke5 Nc4+ 62.Kxf5 Na3 63.Ra1 c4 64.Kxg4 c3
65.h4 c2 66.h5 Nb1 67.h6 c1=Q 68.h7 Qh6  0-1

[Event "CZE-chT 9495"]
[Site "?"]
[Date "1995.??.??"]
[Round "3"]
[White "Mozny, Milos"]
[Black "Polak, Tomas"]
[Result "1/2-1/2"]
[WhiteElo "2435"]
[BlackElo "2420"]

1.d4 Nf6 2.Nf3 e6 3.g3 d5 4.c4 Be7 5.Bg2 O-O 6.O-O c6 7.b3 Nbd7 8.Qc2 b6
9.Bb2 Bb7 10.Nbd2 Rc8 11.Rad1 Qc7 12.e4 Rfd8 13.Rfe1 Qb8 14.h4 h6 15.a3 Qa8
16.Nh2 dxe4 17.Nxe4 c5 18.Nxf6+ Bxf6 19.Bxb7 Qxb7 20.Ng4 Bxd4 21.Bxd4 cxd4
22.Rxd4 h5 23.Nh2 Nf6 24.Red1 Rxd4 25.Rxd4 Qe7 26.b4 e5 27.Rd1 e4 28.Nf1 Ng4
29.Rd4 f5 30.Ne3 Qf6 31.Qd1 Ne5 32.Rd6 Qf7 33.Qd5 Nxc4 34.Nxc4 Qxd5 35.Rxd5 Rxc4
36.Rxf5 Rc3 37.a4 e3 38.fxe3 Rxe3 39.Kf2 Re4 40.Rb5 Kf7 41.a5  1/2-1/2

[Event "CZE-chT 9495"]
[Site "?"]
[Date "1995.??.??"]
[Round "5"]
[White "Vechet, Stanislav"]
[Black "Prandstetter, Eduard"]
[Result "1/2-1/2"]
[WhiteElo "2255"]
[BlackElo "2370"]

1.d4 Nf6 2.g3 d5 3.c4 e6 4.Nf3 Be7 5.Bg2 O-O 6.O-O Nbd7 7.Qc2 c6 8.Rd1 Ne4
9.Nfd2 f5 10.Nxe4 fxe4 11.f3 exf3 12.exf3 dxc4 13.Qxc4 Nb6 14.Qe2 Bf6 15.Be3 Nd5
16.Bf2 Ne7 17.Nc3 g6 18.Ne4 Bg7 19.Rd2 Nf5 20.Rad1 Qe7 21.f4 h6 22.h4 Bd7
23.Nc5 Bc8 24.Qc4 g5 25.hxg5 hxg5 26.Re1 gxf4 27.gxf4 Qf7 28.Nxe6 Bxe6 29.Qxe6 Qxe6
30.Rxe6 Rad8 31.d5 Rd7 32.Ree2 Bh6 33.dxc6 Rxd2 34.Rxd2 Bxf4 35.Rd7 bxc6
36.Bxc6 Be3 37.Bxe3 Nxe3 38.Rxa7 Rf1+ 39.Kh2 Rf2+ 40.Kg3 Rxb2 41.Kf4 Rb6
42.Ba4 Nd5+ 43.Ke5 Nc3 44.Bd7 Nxa2 45.Rxa2 Kf7 46.Ra7 Ke7 47.Be6+ Kd8 48.Kf6 Rd6
49.Rg7 Rb6 50.Rd7+ Kc8 51.Ke7 Rb7  1/2-1/2

[Event "CZE-chT 9495"]
[Site "?"]
[Date "1995.??.??"]
[Round "6"]
[White "Moravec, Michal"]
[Black "Chmiel, Pavel"]
[Result "1/2-1/2"]
[WhiteElo "2300"]
[BlackElo "2280"]

1.Nf3 Nf6 2.c4 e6 3.d4 d5 4.g3 Be7 5.Bg2 O-O 6.O-O b6 7.Nbd2 Bb7 8.b3 Nbd7
9.Bb2 dxc4 10.Nxc4 a5 11.a4 Bb4 12.Rc1 Rc8  1/2-1/2

[Event "CZE-chT 9495"]
[Site "?"]
[Date "1995.??.??"]
[Round "7"]
[White "Mozny, Milos"]
[Black "Michenka, Jozef"]
[Result "1/2-1/2"]
[WhiteElo "2435"]
[BlackElo "2360"]

1.d4 Nf6 2.Nf3 d5 3.c4 e6 4.g3 Be7 5.Bg2 O-O 6.O-O dxc4 7.Ne5 Nc6 8.Nxc6 bxc6
9.b3 Rb8 10.Ba3 c5 11.Bxc5 Bb7 12.Bxe7 Qxe7 13.Bxb7 Rxb7 14.Nd2 c3 15.Nc4 Qb4
16.Qc2 Nd5 17.Rac1 Qb5 18.Ra1 Qb4 19.e4 Nf6 20.Rfe1 a5 21.Rac1 a4 22.Qxc3 axb3
23.axb3  1/2-1/2

[Event "CZE-chT 9495"]
[Site "?"]
[Date "1995.??.??"]
[Round "7"]
[White "Jaworski, Miroslaw"]
[Black "Cech, Pavel"]
[Result "1-0"]
[WhiteElo "2360"]
[BlackElo "2360"]

1.d4 e6 2.c4 d5 3.Nf3 Nf6 4.g3 Be7 5.Bg2 O-O 6.O-O dxc4 7.Na3 Bxa3 8.bxa3 Nc6
9.Bb2 Rb8 10.Qc2 b5 11.Rad1 h6 12.e4 Rb6 13.Rfe1 Bb7 14.Qc3 Qa8 15.a4 b4
16.Qxc4 Nxe4 17.d5 exd5 18.Rxd5 Ne7 19.Re5 Nd6 20.Qg4 Ng6 21.Re7 Nc4 22.Ba1 Na3
23.Rxc7 Bd5 24.a5 Ra6 25.h4 Nb5 26.Rc5 Nc3 27.h5 Nh8 28.Qxb4 Ne2+ 29.Rxe2 Bxf3
30.Qc3 Rf6 31.Bxf3 Qxf3 32.Qxf3 Rxf3 33.Re7 Ra3 34.Rxa7 Rxa2 35.Bd4 g6 36.Be3 gxh5
37.Bxh6 Re8 38.Rxh5 Re1+ 39.Kg2 Ree2 40.Ra8+ Kh7 41.Be3+ Kg6 42.Re5  1-0

[Event "CZE-chT 9495"]
[Site "?"]
[Date "1995.??.??"]
[Round "8"]
[White "Trichkov, Vasil"]
[Black "Chmiel, Pavel"]
[Result "1-0"]
[WhiteElo "2415"]
[BlackElo "2280"]

1.d4 d5 2.Nf3 Nf6 3.c4 e6 4.g3 Be7 5.Bg2 O-O 6.Qc2 h6 7.O-O Nbd7 8.Rd1 c6
9.Nbd2 Re8 10.e4 dxe4 11.Nxe4 Nxe4 12.Qxe4 Bf6 13.Be3 Qe7 14.Qc2 a5 15.Nd2 g6
16.d5 exd5 17.cxd5 cxd5 18.Bxd5 Ne5 19.Bc5 Qd7 20.Nc4 Ra6 21.Nd6 Rf8 22.f4 Rxd6
23.Bxd6 Qxd6 24.Bxf7+ Nxf7 25.Qxg6+ Kh8 26.Rxd6 Nxd6 27.Qxh6+ Kg8 28.Qg6+ Kh8
29.Rd1 Ne8 30.g4 Bxg4 31.Qxg4 Rg8 32.h3 b6 33.b3 Nc7 34.Rd6 Rxg4+ 35.hxg4 Bb2
36.Rd8+  1-0

[Event "CZE-chT 9495"]
[Site "?"]
[Date "1995.??.??"]
[Round "9"]
[White "Ftacnik, Lubomir"]
[Black "Jirovsky, Milos"]
[Result "0-1"]
[WhiteElo "2605"]
[BlackElo "2425"]

1.d4 d5 2.c4 e6 3.Nf3 Nf6 4.g3 Be7 5.Bg2 O-O 6.O-O c6 7.Qc2 Nbd7 8.b3 b6
9.Rd1 Bb7 10.Nc3 Rc8 11.e4 a5 12.Bf4 Ba6 13.Bf1 Bb7 14.e5 Nh5 15.Be3 g6 16.cxd5 cxd5
17.Qd3 Nb8 18.Ne2 Ba6 19.Qd2 Rc7 20.Bg5 Bxg5 21.Nxg5 Qe7 22.Rac1 Rfc8 23.Rxc7 Rxc7
24.Nf3 Ng7 25.g4 Ne8 26.Rc1 Kg7 27.Nc3 Bxf1 28.Kxf1 Qb4 29.Qb2 Rc6 30.Kg2 Nc7
31.h4 h6 32.Kg3 Nb5 33.Nxb5 Qxb5 34.Qd2 Qb4 35.Qf4 Qe7 36.g5 h5 37.Ng1 Kg8
38.Ne2 Qa3 39.Qf6 Rxc1 40.Qd8+ Kh7 41.Qxb8 Rc2 42.Nf4 Qc1 43.Nh3 Qh1  0-1

[Event "CZE-chT1a"]
[Site "?"]
[Date "1995.??.??"]
[Round "?"]
[White "Krnavek, Lubomir"]
[Black "Efler, Lukas"]
[Result "1-0"]
[WhiteElo "2275"]
[BlackElo "2240"]

1.d4 d5 2.c4 e6 3.Nf3 Nf6 4.g3 Be7 5.Bg2 O-O 6.O-O c5 7.dxc5 Bxc5 8.Bg5 Be7
9.Qc2 Nc6 10.Rd1 Qa5 11.Nbd2 h6 12.Bf4 Qb6 13.cxd5 exd5 14.Be3 Qa6 15.Nb3 Nb4
16.Qb1 Nc6 17.Qd3 b6 18.Nfd4 Qxd3 19.Rxd3 Ne5 20.Rc3 Ba6 21.Nf5 Bb4 22.Rc2 Rfe8
23.h3 Bf8 24.Bd4 Ne4 25.Ne3 Bb7 26.Rac1 Rab8 27.Nd2 Nf6 28.Nb1 Ne4 29.Nd2 Nf6
30.Nf3 Ned7 31.Ne1 Bc5 32.Rd1 Rbd8 33.Nf3 Ne4 34.g4 Ndf6 35.a3 a5 36.Bxc5 bxc5
37.Nd2 d4 38.Nxe4 Bxe4 39.Bxe4 Rxe4 40.Nc4 a4 41.Kf1 Nd5 42.Nd2 Rf4 43.Nf3 f5
44.Rxc5 fxg4 45.hxg4 Nb6 46.Ne5 Re8 47.f3 Rd8 48.Rdc1 Kh7 49.Kf2 Rff8 50.Rd1 Rf6
51.Rc7 Rd5 52.Nd3 Rdd6 53.Ra7 Rc6 54.Rc1 Rxc1 55.Nxc1 Rc6 56.Nd3 Rc4 57.Ra5 Kg8
58.Rb5 Nd7 59.Ke1 Kf7 60.Rb7 Ke6 61.Rxd7  1-0

[Event "CZE-chT1 9596"]
[Site "CZE"]
[Date "1995.??.??"]
[Round "?"]
[White "Jirovsky, Pavel"]
[Black "Slezka, Vojtech"]
[Result "1/2-1/2"]
[WhiteElo "2315"]
[BlackElo "2345"]

1.d4 d5 2.c4 e6 3.Nf3 Nf6 4.g3 Be7 5.Bg2 O-O 6.O-O dxc4 7.Qc2 a6 8.a4 Bd7
9.Qxc4 Bc6 10.Nc3 a5 11.Bf4 Na6 12.Rfd1 Rc8 13.Rac1 Nb4 14.Bg5 Bd5 15.Nxd5 exd5
16.Qb3 Qd7 17.Ne5 Qe6 18.Nd3 Nxd3 19.Qxd3  1/2-1/2

[Event "Dortmund op"]
[Site "Dortmund"]
[Date "1995.??.??"]
[Round "3"]
[White "Watzlawek, Markus"]
[Black "Skripchenko, Almira"]
[Result "1-0"]
[WhiteElo "1895"]
[BlackElo "2400"]

1.d4 Nf6 2.c4 e6 3.g3 d5 4.Bg2 Be7 5.Nf3 O-O 6.O-O dxc4 7.Qc2 Nc6 8.Qxc4 Bd7
9.Rd1 a6 10.Bg5 h6 11.Bxf6 Bxf6 12.Nc3 b5 13.Qb3 Na5 14.Qc2 Bc6 15.Ne4 Bxe4
16.Qxe4 Rc8 17.a4 b4 18.Ne5 Nb3 19.Nc6 Qd6 20.Rab1 Nxd4 21.Nxd4 Rfd8 22.e3 c5
23.Nc6 Qxd1+ 24.Rxd1 Rxd1+ 25.Bf1 Rd5 26.Bc4 Rd6 27.Ne5  1-0

[Event "Dortmund"]
[Site "Dortmund"]
[Date "1995.??.??"]
[Round "4"]
[White "Piket, Jeroen"]
[Black "Karpov, Anatoly"]
[Result "1/2-1/2"]
[WhiteElo "2625"]
[BlackElo "2775"]

1.d4 Nf6 2.c4 e6 3.g3 d5 4.Nf3 Be7 5.Bg2 O-O 6.O-O dxc4 7.Qc2 a6 8.Qxc4 b5
9.Qc2 Bb7 10.Bd2 Be4 11.Qc1 Bb7 12.Bf4 Nd5 13.Nc3 Nxf4 14.Qxf4 c5 15.dxc5 Bxc5
16.Rac1 Qe7 17.Rfd1 Ra7 18.Ne4 Bxe4 19.Qxe4 Rc7 20.b4 Bd6 21.Rxc7 Bxc7 22.h4 h6
23.e3 Rd8 24.Rxd8+ Qxd8 25.Nd4 Qd6 26.Qb7 g6 27.Nc6 Nxc6 28.Bxc6 a5 29.bxa5 Bxa5
30.Bxb5 Qb6 31.Qa8+ Kg7 32.a4 Bc3 33.Qc8 Ba5 34.Qc4 Qd6 35.Qe4 Bc3 36.Qb7 Qd1+
37.Kh2 Qc2 38.Kg2 Be1 39.Qf3 Qb2 40.Be8 Qf6 41.Qe2 Ba5 42.Qc4 Qb2 43.Qf4 Qf6
44.Qe4 Be1 45.Qc2 Qd8 46.Qb2+ Qf6 47.Qa2 Ba5 48.Bc6 Qc3 49.Bf3 Qb4 50.Qc2 Qc3
51.Qe2 Qe5 52.Bc6 Qc5 53.Qb2+ Bc3 54.Qb7 Qb4 55.Qa7 Qa5 56.Qd7 Qb4 57.Qa7 Qa5
58.Qb8 Qb4 59.Bb5 Qb2 60.Qa7 Be1 61.e4 Qe5 62.Qe3 Qc3 63.Qa7 Qe5 64.Bc6 g5
65.hxg5 hxg5 66.Qe3 Bb4 67.Qf3  1/2-1/2

[Event "Dos Hermanas"]
[Site "Dos Hermanas"]
[Date "1995.??.??"]
[Round "4"]
[White "Lautier, Joel"]
[Black "Karpov, Anatoly"]
[Result "0-1"]
[WhiteElo "2655"]
[BlackElo "2780"]

1.d4 Nf6 2.c4 e6 3.g3 d5 4.Bg2 Be7 5.Nf3 O-O 6.O-O dxc4 7.Nc3 Nc6 8.e3 Bd6
9.Nd2 e5 10.Nxc4 exd4 11.exd4 Bg4 12.Qb3 Nxd4 13.Qxb7 Bf3 14.Qa6 Bb4 15.Be3 Bxg2
16.Rfd1 c5 17.Bxd4 cxd4 18.Kxg2 Rc8 19.Kg1 Re8 20.Rac1 Qd7 21.Nb5 d3 22.Ne3 Rxc1
23.Rxc1 d2 24.Rd1 Nd5 25.Qa4 a6 26.Qxa6 Nxe3 27.fxe3 Qd3 28.Qc6 Qxe3+ 29.Kg2 Qe2+
30.Kh3 Qh5+  0-1

[Event "Eger Cup"]
[Site "Eger"]
[Date "1995.??.??"]
[Round "?"]
[White "Zimmerman, Yuri"]
[Black "Gal, Sandor"]
[Result "1/2-1/2"]
[WhiteElo "2335"]
[BlackElo "2290"]

1.d4 d5 2.Nf3 Nf6 3.c4 e6 4.g3 Be7 5.Bg2 O-O 6.O-O b6 7.cxd5 exd5 8.Nc3 Bb7
9.Ne5 c6 10.Qc2 Nbd7 11.Nd3 Rc8 12.Rd1 Qc7 13.Bf4 Bd6 14.Rac1 Bxf4 15.Nxf4 Qd6
16.Qb3 Rfe8 17.a4 Ba6 18.Qc2 Qe7 19.a5 h6 20.axb6 axb6 21.Qa4 Nb8 22.e3 g5
23.Nd3 Bxd3 24.Rxd3 Ne4 25.Nxe4 dxe4 26.Rdc3 Kg7 27.b4 f5 28.d5 c5 29.bxc5 bxc5
30.Rxc5 Rxc5 31.Qd4+ Qe5 32.Qxc5 Rd8 33.Qc7+ Qxc7 34.Rxc7+ Rd7 35.Rc8 Na6
36.g4 Rxd5 37.gxf5 Nc5 38.Bh3 h5 39.Rc7+ Kf6 40.Rc6+ Kf7 41.f6 Re5 42.Bf1 Ne6
43.Be2 g4 44.h3 gxh3 45.Bf1 Rg5+ 46.Kh1 Rc5 47.Rxc5 Nxc5 48.Bxh3 Kxf6 49.Kg2 Nd3
50.Bc8 h4 51.Bb7 Ke5 52.f4+ Nxf4+ 53.exf4+  1/2-1/2

[Event "Frydek-Mistek op-B"]
[Site "Frydek-Mistek"]
[Date "1995.??.??"]
[Round "?"]
[White "Chetverik, Maxim"]
[Black "Dobrovolsky, Ladislav"]
[Result "0-1"]
[WhiteElo "2335"]
[BlackElo "2380"]

1.d4 d5 2.c4 e6 3.Nf3 Nf6 4.g3 Be7 5.Bg2 O-O 6.O-O Nbd7 7.Nc3 dxc4 8.e4 c6
9.a4 a5 10.Qc2 Qb6 11.h3 Re8 12.Be3 Qa6 13.g4 b5 14.g5 Nh5 15.e5 Bb7 16.Ne4 c5
17.dxc5 Bxe4 18.Qxe4 Nxc5 19.Qg4 g6 20.axb5 Qxb5 21.Nd4 Qa6 22.Nc6 Nb3 23.Nxe7+ Rxe7
24.Bxa8 Nxa1 25.Bf3 Nb3 26.Rd1 Re8 27.Rd6 Qb5 28.Rb6 Qa4 29.Bc6 Qa1+ 30.Kg2 Rc8
31.Qxc4 Qxb2 32.Qxb3 Qxb3 33.Rxb3 Rxc6 34.Rb8+ Kg7 35.Ra8 Rc4 36.Kf3 a4 37.h4 Rxh4
38.Bc5 h6 39.Bf8+ Kh7 40.gxh6 Rf4+ 41.Ke3 Rf5 42.Bd6 Nf4 43.Bf8 Nh5 44.Bd6 Kxh6
45.Rxa4 g5 46.f3 Nf4 47.Re4 Ng2+ 48.Ke2 Nh4 49.Re3 Rf4 50.Bf8+ Kg6 51.Bd6 Nf5
52.Rd3 Nd4+ 53.Kf2 Kf5 54.Kg3 Nb5 55.Re3 Rd4  0-1

[Event "Peer Gynt"]
[Site "Gausdal"]
[Date "1995.??.??"]
[Round "9"]
[White "Nielsen, Peter Heine"]
[Black "Lyrberg, Patrik"]
[Result "1-0"]
[WhiteElo "2500"]
[BlackElo "2415"]

1.d4 Nf6 2.c4 e6 3.g3 d5 4.Nf3 Be7 5.Bg2 O-O 6.O-O Nbd7 7.Qc2 c6 8.b3 b6
9.Rd1 Bb7 10.Nc3 Rc8 11.e4 dxe4 12.Nxe4 Nxe4 13.Qxe4 Qc7 14.Bf4 Bd6 15.Bxd6 Qxd6
16.c5 Qe7 17.b4 Rfd8 18.Qc2 a5 19.a3 Ra8 20.Rab1 axb4 21.axb4 bxc5 22.bxc5 Ba6
23.Nd2 e5 24.Ne4 Rab8 25.Ra1 Bb5 26.Nd6 exd4 27.Rxd4 Qe2 28.Qc3 Qe5 29.Nxf7  1-0

[Event "Geneve op"]
[Site "Geneve"]
[Date "1995.??.??"]
[Round "4"]
[White "Wojtkiewicz, Aleksander"]
[Black "Berset, Philippe"]
[Result "1-0"]
[WhiteElo "2530"]
[BlackElo "2205"]

1.Nf3 Nf6 2.c4 e6 3.g3 d5 4.d4 Be7 5.Bg2 O-O 6.Qc2 dxc4 7.Qxc4 Bd7 8.O-O Bc6
9.Nc3 a6 10.Qd3 b5 11.Bg5 Nbd7 12.a3 Bb7 13.b4 a5 14.Qxb5 axb4 15.Qxb7 bxc3
16.Qc6 Rxa3 17.Rxa3 Bxa3 18.Qxc3 Be7 19.Qc6 h6 20.Bd2 Qb8 21.Bf4 Rc8 22.Qc2 Nd5
23.Bc1 Qb7 24.Bd2 c5 25.dxc5 Bxc5 26.e3 N7b6 27.Qd3 Qa7 28.Qb3 Ra8  1-0

[Event "Geneve op"]
[Site "Geneve"]
[Date "1995.??.??"]
[Round "5"]
[White "Sher, Miron N"]
[Black "Janjgava, Lasha"]
[Result "1/2-1/2"]
[WhiteElo "2510"]
[BlackElo "2500"]

1.c4 e6 2.g3 d5 3.Nf3 Nf6 4.Bg2 Be7 5.d4 O-O 6.Qc2 c5 7.O-O cxd4 8.Nxd4 Nc6
9.Nxc6 bxc6 10.b3 a5 11.Bb2 a4 12.Nd2 axb3 13.axb3 Bb7 14.Rxa8 Bxa8 15.e3 Qb6  1/2-1/2

[Event "GER-ch U20 qual3"]
[Site "?"]
[Date "1995.??.??"]
[Round "2"]
[White "Hetey, Laszlo"]
[Black "Parulava, Temur"]
[Result "1/2-1/2"]
[WhiteElo "2275"]
[BlackElo "2290"]

1.d4 Nf6 2.c4 e6 3.g3 d5 4.Nf3 Be7 5.Bg2 O-O 6.O-O Nbd7 7.Qc2 c6 8.Rd1 b6
9.b3 Bb7 10.Nc3 Rc8 11.e4 dxe4 12.Nxe4 c5 13.Nxf6+ Bxf6 14.Ng5 Bxg5 15.Bxb7 Rc7
16.Bxg5 Qxg5 17.Bg2 cxd4 18.Rxd4 e5 19.Rd5 Nf6 20.f4 Qh6 21.Rd6 exf4 22.Qd2 Re7
23.Rf1 Qh5 24.Rxf4 Re2 25.Qd4 Re1+ 26.Bf1 Rfe8 27.Rd8 Qe2 28.Rf2 Qe7 29.Rxe8+ Qxe8
30.Qd2 h5 31.Re2 Rxe2 32.Qxe2 Qd7 33.Qd3 Qe7 34.Be2 g6 35.Kg2 Ne4 36.Bf3 Nd6
37.b4 Nf5 38.a3 Qe5 39.Be4 Nd4 40.Bd5 Nf5 41.Be4 Nd6  1/2-1/2

[Event "BL2-N9495"]
[Site "Germany"]
[Date "1995.??.??"]
[Round "?"]
[White "Schlemmermeyer, Wilhelm"]
[Black "Krause, Ullrich"]
[Result "1-0"]
[WhiteElo "2345"]
[BlackElo "2280"]

1.c4 e6 2.Nf3 d5 3.d4 Nf6 4.g3 Be7 5.Bg2 O-O 6.O-O Nbd7 7.Qc2 c6 8.Bf4 Ne4
9.Nc3 f5 10.Rad1 Ndf6 11.Ne5 Bd7 12.Nxe4 fxe4 13.f3 exf3 14.Rxf3 Be8 15.Bh3 Bd7
16.Bg5 Kh8 17.Rdf1 Rc8 18.Rf4 Qe8 19.Rh4 Rf7 20.Qg6 Kg8 21.Rxh7 Nxh7 22.Rxf7 Bf8
23.Bh6  1-0

[Event "BL2-O9495"]
[Site "Germany"]
[Date "1995.??.??"]
[Round "?"]
[White "Bewersdorff, Oliver"]
[Black "Ginsburg, Gennadij"]
[Result "1/2-1/2"]
[WhiteElo "2300"]
[BlackElo "2430"]

1.d4 Nf6 2.c4 e6 3.g3 d5 4.Bg2 Be7 5.Nf3 O-O 6.Nc3 c5 7.cxd5 exd5 8.O-O Nc6
9.Bg5 cxd4 10.Nxd4 h6 11.Bf4 Bg4 12.h3 Be6 13.Qa4 Qd7 14.Nxe6 fxe6 15.Rad1 Bb4
16.e4 Bxc3 17.bxc3 Rad8 18.exd5 exd5 19.Rd2 Qf7 20.Rfd1 Rfe8 21.Qb5 a6 22.Qc5 Ne4
23.Bxe4 dxe4 24.Rxd8 Nxd8 25.Qd5 Ne6 26.Qxe4 Nxf4 27.Qxf4 Qxf4 28.gxf4 Rc8
29.Rd7 Rxc3 30.Rxb7 Rxh3 31.a4 Rh5 32.Kg2 Ra5 33.Rb4 Kf7 34.Re4 Kf6 35.Kg3 Kf5
36.f3 g6 37.Kh4 h5 38.Kg3 Rc5 39.Rb4 Ra5 40.Rc4 Ke6 41.Rc6+ Kf7 42.Rc4 Kg7
43.Rc7+ Kh6 44.Rc4 Kg7  1/2-1/2